| 000 | 02139cam a2200349 i 4500 | ||
|---|---|---|---|
| 001 | 17732782 | ||
| 003 | EG-ScBUE | ||
| 005 | 20241029091535.0 | ||
| 008 | 130510s2014 flua f b 001 0 eng d | ||
| 020 | _a9781466589483 (hardback) | ||
| 020 | _a1466589485 (hardback) | ||
| 040 |
_aDLC _beng _erda _cDLC _dDLC _dEG-ScBUE |
||
| 082 | 0 | 4 |
_222 _a518 _bNAS |
| 100 | 1 |
_aNassif, Nabil, _eauthor. _941760 |
|
| 245 | 1 | 0 |
_aIntroduction to numerical analysis and scientific computing / _cNabil Nassif, Dolly Khuwayri Fayyad. |
| 264 | 1 |
_aBoca Raton, Florida : _bCRC Press / Taylor & Francis Group, LLC, _c2014. |
|
| 300 |
_axix, 311 pages : _billustrations ; _c24 cm |
||
| 336 |
_2rdacontent _atext _btxt |
||
| 337 |
_aunmediated _2rdamedia _bn |
||
| 338 |
_avolume _bnc _2rdacarrier |
||
| 504 | _aIncludes bibliographical references and index. | ||
| 520 | _a"Designed for a one-semester course on the subject, this classroom-tested text presents fundamental concepts of numerical mathematics and explains how to implement and program numerical methods. Drawing on their years of teaching students in mathematics, engineering, and the sciences, the authors cover floating-point number representations, nonlinear equations, linear algebra concepts, the Lagrange interpolation theorem, numerical differentiation and integration, and ODEs. They also focus on the implementation of the algorithms using MATLAB�"-- | ||
| 520 | _a"This work is the result of several years of teaching a one-semester course on Numerical Analysis and Scienti c Computing, addressed primarily to stu- dents in Mathematics, Engineering, and Sciences. Our purpose is to provide those students with fundamental concepts of Numerical Mathematics and at the same time stir their interest in the art of implementing and programing Numerical Methods"-- | ||
| 590 | _aWessam | ||
| 650 | 7 |
_aNumerical analysis _vTextbooks. _2BUEsh _941761 |
|
| 650 | 7 |
_aComputer science _xMathematics _vTextbooks. _2BUEsh _933862 |
|
| 651 | _2BUEsh | ||
| 653 |
_bENGGEN _cDecember2016 |
||
| 655 | _vReading book | ||
| 700 | 1 |
_aFayyad, Dolly Khuwayri, _eauthor. _941759 |
|
| 942 |
_2ddc _cBB |
||
| 999 |
_c23732 _d23704 |
||